000 00269 a2200121 4500
001 63617
082 _a023 SHA
090 _c37616
_d37616
100 _aAltaf Shoukat
245 _aNizam Kutab Khana
260 _aLahore
_bAl-Faisal Publisher
_c2003
300 _a420+112
942 _aNUST-CAE
_k023 SHA
999 _c298690
_d298690